Deslinde de vivencias en la historia mexicana / (Record no. 182449)

MARC details
000 -LEADER
campo de control de longitud fija 00624nam a2200181 i 4500
001 - NÚMERO DE CONTROL
campo de control 182449
003 - IDENTIFICADOR DE NÚMERO DE CONTROL
campo de control ES-MaACL
005 - FECHA Y HORA DE LA ÚLTIMA TRANSACCIÓN
campo de control 20250801063048.0
008 - DATOS DE LONGITUD FIJA--INFORMACIÓN GENERAL
campo de control de longitud fija 130816s1989 mx |||| | spa d
100 1# - ENTRADA PRINCIPAL--NOMBRE DE PERSONA
Nombre de persona Zavala, Silvio,
Fechas asociadas al nombre 1909-2014
9 (RLIN) 118108
245 10 - MENCIÓN DEL TÍTULO
Título Deslinde de vivencias en la historia mexicana /
Mención de responsabilidad, etc. Silvio Zavala.
260 ## - PUBLICACIÓN, DISTRIBUCIÓN, ETC.
Lugar de publicación, distribución, etc. Mexico :
Nombre del editor, distribuidor, etc. El Colegio de Mexico,
Fecha de publicación, distribución, etc. 1989.
300 ## - DESCRIPCIÓN FÍSICA
Extensión P. 689-699 ;
Dimensiones 25 cm.
595 ## -
-- Separata de: Nueva Revista de Filologia Hispanica, t. XXXVII, 1989, nº2.
651 #4 - PUNTO DE ACCESO ADICIONAL DE MATERIA--NOMBRE GEOGRÁFICO
Nombre geográfico México-
Subdivisión de forma Historiografía.
9 (RLIN) 153265
852 ## - LOCALIZACIÓN
Ubicación ES-MaACL
Número de control de estantería 2325-F-11
Holdings
Estatus retirado Estado de pérdida Estado de daño No para préstamo Colección Biblioteca de origen Biblioteca actual Ubicación en estantería Fecha de adquisición Fuente de adquisición Total de préstamos Signatura topográfica completa Código de barras Visto por última vez Precio de reemplazo Tipo de ítem Koha
        Colección de folletos Biblioteca del Ateneo de Madrid Biblioteca del Ateneo de Madrid Depósito folletos 16/08/2013     2325-F-11 1191729 23/02/2023 23/02/2023 Folleto